00897nam a22002297a 45000010005000000030006000050050017000110080041000280200018000690400029000870500012001160820010001281000021001382450074001592600036002333000061002695050008003305200258003385210023005965210020006196500028006393835FISKH20240822092002.0240515b cb ||||| |||| 00| 0 eng d a9780545622400 aFISKHbengcFISKHdFISKH aT40.L46 a609.2 aBarretta , Gene  aNeo Leo : The Agelss ideas of Leonardo da Vinci / cby Gene Barretta  aNew York : bSholastic ; c2009 a38 unnumbered pages : bcolor illustrations ; c24 cm .  aZ  aCleverly shows how Leonardo's ideas foreshadowed modern inventions. At once an artist, inventor, engineer, and scientist, Leonardo da Vinci wrote and drew detailed descriptions of what would later become hang gliders, automobiles, robots, and much more.8 a930 bLexile AD 8 aZ bRaz-Plus  ainvention vnon-fiction